[Event "MP 2010-2011"]
[Site "?"]
[Date "2010.10.19"]
[Round "1.1"]
[White "Jamka, Bretislav"]
[Black "Novotny, Josef"]
[Result "1-0"]
[WhiteElo "1922"]
[BlackElo "2185"]
[PlyCount "93"]
[EventDate "2010.10.20"]
[WhiteTeam "Slovan A"]
[BlackTeam "Mar.Hory C"]

1. d4 d6 2. g3 Nf6 3. Bg2 Nbd7 4. e4 e5 5. Ne2 c6 6. O-O Be7 7. c4 O-O 8. Nbc3
a6 9. a4 a5 10. Kh1 Re8 11. f4 Bf8 12. fxe5 dxe5 13. d5 Nc5 14. Bg5 Be7 15. Qc2
Ng4 16. Bxe7 Qxe7 17. Nd1 Qg5 18. Ra3 Qh6 19. h4 g6 20. Qc1 Qxc1 21. Nxc1 cxd5
22. cxd5 Bd7 23. Bf3 Nh6 24. Nc3 f5 25. Nb3 Nd3 26. Nb5 Bxb5 27. axb5 a4 28.
Nd2 Nc5 29. Rc3 fxe4 30. Nxe4 Nxe4 31. Bxe4 Nf7 32. Rc7 Nd6 33. Re1 a3 34. bxa3
Rxa3 35. Kg2 Ra4 36. Bc2 Ra2 37. Kh3 Ra3 38. h5 e4 39. hxg6 hxg6 40. Kg4 Nf5
41. Rxe4 Rxg3+ 42. Kf4 Rf8 43. Re6 g5+ 44. Ke5 Re3+ 45. Be4 Nh4 46. Kd4 Rg3 47.
d6 1-0

[Event "MP 2010-2011"]
[Site "?"]
[Date "2010.10.19"]
[Round "1.2"]
[White "Jaros, Bohumil"]
[Black "Cizek, Ondrej"]
[Result "1/2-1/2"]
[WhiteElo "1894"]
[BlackElo "1845"]
[PlyCount "37"]
[EventDate "2010.10.20"]
[WhiteTeam "Mar.Hory C"]
[BlackTeam "Slovan A"]

1. e4 Nf6 2. e5 Nd5 3. d4 d6 4. exd6 cxd6 5. c3 g6 6. Nf3 Bg7 7. Bd3 Nc6 8. O-O
O-O 9. Na3 Bg4 10. h3 Bd7 11. Nc2 Qc7 12. a3 Nf6 13. Bf4 e5 14. dxe5 dxe5 15.
Bh2 Nh5 16. g4 Nf4 17. Bxf4 exf4 18. Nce1 a6 19. Ng2 1/2-1/2

[Event "MP 2010-2011"]
[Site "?"]
[Date "2010.10.19"]
[Round "1.3"]
[White "Chliapas, Nikos"]
[Black "Vanicek, Adolf"]
[Result "1/2-1/2"]
[WhiteElo "1954"]
[BlackElo "1845"]
[PlyCount "34"]
[EventDate "2010.10.20"]
[WhiteTeam "Slovan A"]
[BlackTeam "Mar.Hory C"]

1. d4 d6 2. Nf3 Nf6 3. g3 Nbd7 4. Bg2 e6 5. O-O Be7 6. c4 O-O 7. Nc3 d5 8. b3
Bb4 9. Bb2 Nb6 10. Ne5 c6 11. a3 Bxc3 12. Bxc3 Nfd7 13. Ba5 Nxe5 14. dxe5 Qe7
15. Qc2 Re8 16. e4 dxe4 17. c5 Nd7 1/2-1/2

[Event "MP 2010-2011"]
[Site "?"]
[Date "2010.10.19"]
[Round "1.4"]
[White "Kamaryt, Zdenek"]
[Black "Jamka, Josef"]
[Result "1-0"]
[WhiteElo "1723"]
[BlackElo "1836"]
[PlyCount "29"]
[EventDate "2010.10.20"]
[WhiteTeam "Mar.Hory C"]
[BlackTeam "Slovan A"]

1. d4 Nf6 2. c4 g6 3. Nc3 Bg7 4. e4 d6 5. Be2 O-O 6. Nf3 e5 7. d5 a6 8. h3 Nbd7
9. O-O Re8 10. a4 Nf8 11. Qd2 Bd7 12. Ra3 Kh8 13. Re1 Qc8 14. Kh2 Ng8 15. Ng5
1-0

[Event "MP 2010-2011"]
[Site "?"]
[Date "2010.10.19"]
[Round "1.5"]
[White "Salek, Josef"]
[Black "Sumbera, Antonin"]
[Result "1/2-1/2"]
[WhiteElo "1807"]
[BlackElo "1653"]
[PlyCount "38"]
[EventDate "2010.10.20"]
[WhiteTeam "Slovan A"]
[BlackTeam "Mar.Hory C"]

1. d4 c5 2. e3 cxd4 3. exd4 d5 4. Bb5+ Bd7 5. Bxd7+ Qxd7 6. Nf3 Nc6 7. O-O e6
8. Re1 Bb4 9. c3 Ba5 10. b4 Bc7 11. b5 Na5 12. a4 Nc4 13. Na3 Bd6 14. Nxc4 dxc4
15. Ne5 Bxe5 16. Rxe5 Ne7 17. Qe2 O-O 18. Ba3 Rfc8 19. Rc1 Rc7 1/2-1/2

[Event "MP 2010-2011"]
[Site "?"]
[Date "2010.10.19"]
[Round "1.6"]
[White "Votypka, Miroslav"]
[Black "Gavron, Ladislav"]
[Result "1-0"]
[WhiteElo "1875"]
[BlackElo "1779"]
[PlyCount "67"]
[EventDate "2010.10.20"]
[WhiteTeam "Mar.Hory C"]
[BlackTeam "Slovan A"]

1. e4 d5 2. exd5 Nf6 3. d4 Nxd5 4. c4 Nb6 5. b4 a6 6. a3 Nc6 7. d5 Ne5 8. Bf4
Ng6 9. Bg3 e6 10. Nc3 c6 11. dxc6 Qxd1+ 12. Rxd1 bxc6 13. Nf3 Be7 14. Be2 O-O
15. Bd6 Rd8 16. Bxe7 Rxd1+ 17. Nxd1 Nxe7 18. Nc3 a5 19. O-O g6 20. Ne4 Kg7 21.
Rd1 Nd7 22. Nd6 Ba6 23. Nxf7 Kxf7 24. Rxd7 Kf6 25. Rd2 c5 26. Rd6 Bc8 27. Rb6
Bd7 28. Nd2 Nc8 29. Rb7 Ke7 30. Bf3 Ra6 31. Ne4 Rc6 32. Kf1 Nb6 33. Be2 a4 34.
Nxc5 1-0

[Event "MP 2010-2011"]
[Site "?"]
[Date "2010.10.19"]
[Round "1.7"]
[White "Mladejovsky, Miroslav"]
[Black "Koki, Jan"]
[Result "1-0"]
[WhiteElo "1712"]
[BlackElo "1508"]
[PlyCount "107"]
[EventDate "2010.10.20"]
[WhiteTeam "Slovan A"]
[BlackTeam "Mar.Hory C"]

1. d4 c6 2. c4 d5 3. Nf3 Nf6 4. Nc3 h6 5. e3 Bf5 6. cxd5 cxd5 7. Qb3 b6 8. Bb5+
Bd7 9. Nxd5 Bxb5 10. Nxf6+ gxf6 11. Qxb5+ Qd7 12. Qxd7+ Kxd7 13. Bd2 e6 14. Ke2
Nc6 15. a3 Bg7 16. Rac1 Rac8 17. Bc3 Ne7 18. e4 Rc7 19. Rhd1 Ng6 20. g3 Rhc8
21. Ne1 Bf8 22. f4 Bxa3 23. d5 e5 24. f5 Nf8 25. Nd3 Nh7 26. h4 Bd6 27. Bd2 h5
28. Rxc7+ Kxc7 29. Rc1+ Kb7 30. Rxc8 Kxc8 31. Kf3 Kd7 32. g4 hxg4+ 33. Kxg4 Ke7
34. b4 Kf8 35. b5 Kg7 36. Bb4 Bb8 37. Be7 Nf8 38. Bxf8+ Kxf8 39. Nb4 Bd6 40.
Nc6 Ke8 41. Nxa7 Kd7 42. h5 Bf8 43. Nc6 Bh6 44. Kf3 Bf8 45. Ke2 Bg7 46. Nb4 Bf8
47. Nd3 Kd6 48. Nf2 Kc5 49. Ng4 Bg7 50. h6 Bh8 51. Ne3 Kxb5 52. Kd3 Kc5 53. Nc4
b5 54. Na5 1-0

[Event "MP 2010-2011"]
[Site "?"]
[Date "2010.10.19"]
[Round "1.8"]
[White "Sprinc, Tomas"]
[Black "Benes, Jaroslav"]
[Result "1-0"]
[WhiteElo "1774"]
[BlackElo "1644"]
[PlyCount "43"]
[EventDate "2010.10.20"]
[WhiteTeam "Mar.Hory C"]
[BlackTeam "Slovan A"]

1. d4 Nf6 2. c4 g6 3. Nc3 d5 4. e3 Bg7 5. Nf3 O-O 6. b3 dxc4 7. Bxc4 c5 8. Bb2
Bg4 9. dxc5 Qa5 10. O-O Qxc5 11. h3 Bxf3 12. Qxf3 Nc6 13. Rac1 Rad8 14. Rfd1
Qa5 15. a4 Qb6 16. Rxd8 Rxd8 17. Ne4 Na5 18. Bd4 Rxd4 19. exd4 Qxd4 20. Nxf6+
Bxf6 21. Qd5 e6 22. Qxa5 1-0

[Event "MP 2010-2011"]
[Site "?"]
[Date "2010.11.02"]
[Round "2.1"]
[White "Lamper, Vlastimil"]
[Black "Jamka, Bretislav"]
[Result "1-0"]
[WhiteElo "1985"]
[BlackElo "1922"]
[PlyCount "95"]
[EventDate "2010.10.20"]
[WhiteTeam "Sokol Vítkovice"]
[BlackTeam "Slovan A"]

1. d4 Nf6 2. Nf3 d5 3. c4 e6 4. g3 c5 5. Bg2 Nc6 6. O-O cxd4 7. Nxd4 Qb6 8. Nb5
a6 9. cxd5 Nxd5 10. e4 Qxb5 11. exd5 Nb4 12. Nc3 Qd3 13. dxe6 fxe6 14. Qh5+ Qg6
15. Qxg6+ hxg6 16. Be4 Kf7 17. Na4 Bd6 18. Be3 Nd5 19. Nb6 Nxb6 20. Bxb6 Be5
21. Rac1 a5 22. Rc5 Bxb2 23. Rb1 Ba3 24. Rc7+ Kf6 25. Rb3 Bd6 26. Rf3+ Ke5 27.
Rc4 Ra6 28. Be3 Bb4 29. Bf4+ Kf6 30. Bh6+ Ke7 31. Bxg7 Rg8 32. Bf6+ Kd7 33. Be5
Bd6 34. Rf7+ Ke8 35. Rh7 Bd7 36. Rd4 Bxe5 37. Rdxd7 b5 38. Rb7 b4 39. Bd3 Ra8
40. Bc4 Rb8 41. Rbe7+ Kd8 42. Rd7+ Ke8 43. Bxe6 Rh8 44. Rhe7+ Kf8 45. Bb3 Bc3
46. Rf7+ Ke8 47. Ba4 Rc8 48. Rc7+ 1-0

[Event "MP 2010-2011"]
[Site "?"]
[Date "2010.11.02"]
[Round "2.2"]
[White "Chliapas, Nikos"]
[Black "Soki, Zdenek"]
[Result "1/2-1/2"]
[WhiteElo "1954"]
[BlackElo "1871"]
[PlyCount "73"]
[EventDate "2010.10.20"]
[WhiteTeam "Slovan A"]
[BlackTeam "Sokol Vítkovice"]

1. d4 d5 2. Nf3 Nf6 3. c4 e6 4. Nc3 Bb4 5. Qc2 dxc4 6. Bg5 a6 7. Bd2 Bxc3 8.
Bxc3 O-O 9. Bb4 Re8 10. Qxc4 Nc6 11. e3 Nd5 12. Bd2 a5 13. e4 Nde7 14. Qc3 b6
15. Bb5 Bb7 16. Rc1 Qd6 17. a3 Red8 18. Be3 Rac8 19. Qd2 Na7 20. Bf4 e5 21.
Bxe5 Qg6 22. Be2 c5 23. O-O Bxe4 24. Bg3 Bxf3 25. Bxf3 Rxd4 26. Qe2 Nf5 27. Qa6
Nxg3 28. hxg3 Rd7 29. Rfe1 Rcd8 30. Re3 Qf6 31. Rce1 Kf8 32. Bb7 Nc6 33. Qxb6
Nd4 34. Qxc5+ Qd6 35. Qxd6+ Rxd6 36. Be4 Rb6 37. b4 1/2-1/2

[Event "MP 2010-2011"]
[Site "?"]
[Date "2010.11.02"]
[Round "2.3"]
[White "Sanitrak, Tomas"]
[Black "Jamka, Josef"]
[Result "0-1"]
[WhiteElo "1784"]
[BlackElo "1836"]
[PlyCount "25"]
[EventDate "2010.10.20"]
[WhiteTeam "Sokol Vítkovice"]
[BlackTeam "Slovan A"]

1. d4 Nf6 2. c4 g6 3. Nc3 Bg7 4. e4 d6 5. Nf3 Nbd7 6. Be3 O-O 7. Qc2 a6 8. Be2
Ng4 9. Bg5 c5 10. dxc5 Nxc5 11. O-O h6 12. Bh4 g5 13. Bg3 0-1

[Event "MP 2010-2011"]
[Site "?"]
[Date "2010.11.02"]
[Round "2.4"]
[White "Salek, Josef"]
[Black "Sanitrak, Jan"]
[Result "0-1"]
[WhiteElo "1807"]
[BlackElo "1799"]
[PlyCount "123"]
[EventDate "2010.10.20"]
[WhiteTeam "Slovan A"]
[BlackTeam "Sokol Vítkovice"]

1. d4 d5 2. Nf3 Nf6 3. g3 Bg4 4. Bg2 c6 5. O-O Nbd7 6. Nc3 e6 7. Re1 Be7 8. e4
dxe4 9. Nxe4 Nxe4 10. Rxe4 Nf6 11. Re1 O-O 12. c3 Qb6 13. h3 Bh5 14. Qe2 Rfd8
15. g4 Bg6 16. Ne5 Nd7 17. Nxg6 hxg6 18. Be3 Qa5 19. b4 Qc7 20. Rac1 Nf6 21. a3
Nd5 22. Bd2 Nf4 23. Qf3 Bd6 24. Bf1 Nd5 25. c4 Bf4 26. Rcd1 Bxd2 27. Rxd2 Qf4
28. Qd3 Nb6 29. Bg2 Nxc4 30. Rdd1 Nb2 31. Qd2 Qxd2 32. Rxd2 Nc4 33. Rd3 a6 34.
f4 Rd6 35. Rc1 Nb6 36. Kf2 Rad8 37. Ke3 Nd5+ 38. Ke4 Kf8 39. Rcd1 Ke7 40. R1d2
Nb6 41. Rc2 f5+ 42. Ke3 Na8 43. g5 Nc7 44. a4 Nd5+ 45. Bxd5 exd5 46. Kf3 Rh8
47. Re2+ Re6 48. Rxe6+ Kxe6 49. Re3+ Kd7 50. Kg3 Re8 51. Rxe8 Kxe8 52. a5 Kd7
53. Kf3 Kc7 54. Ke3 b6 55. Kd3 bxa5 56. bxa5 Kd6 57. Kc2 c5 58. Kc3 cxd4+ 59.
Kxd4 Kc6 60. h4 Kd6 61. Kd3 Kc5 62. Kc3 0-1

[Event "MP 2010-2011"]
[Site "?"]
[Date "2010.11.02"]
[Round "2.5"]
[White "Skockova, Katerina"]
[Black "Gavron, Ladislav"]
[Result "1-0"]
[WhiteElo "1689"]
[BlackElo "1779"]
[PlyCount "53"]
[EventDate "2010.10.20"]
[WhiteTeam "Sokol Vítkovice"]
[BlackTeam "Slovan A"]

1. e4 e5 2. Nf3 Nc6 3. Bb5 Nf6 4. O-O d6 5. Re1 Be7 6. h3 O-O 7. c3 a6 8. Ba4
b5 9. Bc2 d5 10. exd5 Nxd5 11. Nxe5 Nxe5 12. Rxe5 Nf4 13. d4 Bd6 14. Bxf4 Bxe5
15. Bxe5 Qg5 16. Qd2 Qe7 17. Qd3 g6 18. Nd2 Bf5 19. Ne4 c5 20. g4 Bxe4 21. Qxe4
Rae8 22. Qf4 Qh4 23. Qf6 Qxf6 24. Bxf6 cxd4 25. Bxd4 Re2 26. Rc1 Rc8 27. Be3
1-0

[Event "MP 2010-2011"]
[Site "?"]
[Date "2010.11.02"]
[Round "2.6"]
[White "Bartek, Jaromir"]
[Black "Bagar, Miroslav"]
[Result "0-1"]
[WhiteElo "1724"]
[BlackElo "1582"]
[PlyCount "62"]
[EventDate "2010.10.20"]
[WhiteTeam "Slovan A"]
[BlackTeam "Sokol Vitkovice"]

1. e4 c5 2. Nf3 e6 3. d4 cxd4 4. Nxd4 d6 5. Nc3 Nf6 6. Bd3 Be7 7. Be3 O-O 8.
O-O a6 9. a4 Nbd7 10. b4 Ne5 11. Na2 Bd7 12. Nc1 d5 13. exd5 exd5 14. c3 Rc8
15. Bd2 b5 16. Re1 Nxd3 17. Nxd3 Ne4 18. Rc1 Bh4 19. g3 Bf6 20. f3 Nxd2 21.
Qxd2 bxa4 22. Nc5 Bxd4+ 23. Qxd4 Bc6 24. Rc2 Re8 25. Rce2 Rxe2 26. Rxe2 Qd6 27.
Qh4 Qg6 28. Kf2 a3 29. Nb3 Bb5 30. Rd2 Qb1 31. Qh3 Re8 0-1

[Event "MP 2010-2011"]
[Site "?"]
[Date "2010.11.02"]
[Round "2.7"]
[White "Bosak, Michal"]
[Black "Mladejovsky, mMroslav"]
[Result "0-1"]
[WhiteElo "1534"]
[BlackElo "1712"]
[PlyCount "56"]
[EventDate "2010.10.20"]
[WhiteTeam "Sokol Vitkovice"]

1. e4 e5 2. Nf3 Nc6 3. d4 exd4 4. Nxd4 Bc5 5. Nxc6 Qf6 6. Qe2 Qxc6 7. Nc3 Nf6
8. Bg5 O-O 9. O-O-O h6 10. Bf4 d6 11. f3 Be6 12. Qb5 Rfb8 13. Bc4 Bxc4 14. Qxc6
bxc6 15. b3 Be6 16. g4 a5 17. e5 dxe5 18. Bxe5 Nd5 19. Nxd5 Bxd5 20. Rhf1 Be3+
21. Kb2 a4 22. Rd3 Bg5 23. Bxc7 Bf6+ 24. Kb1 Rb7 25. Bd6 axb3 26. cxb3 Bc4 27.
Rfd1 Bxd3+ 28. Rxd3 Rd8 0-1

[Event "MP 2010-2011"]
[Site "?"]
[Date "2010.11.02"]
[Round "2.8"]
[White "Benes, Jaroslav"]
[Black "Ludvova, Marie"]
[Result "1-0"]
[WhiteElo "1644"]
[BlackElo "1497"]
[PlyCount "115"]
[EventDate "2010.10.20"]
[WhiteTeam "Slovan A"]
[BlackTeam "Sokol Vitkovice"]

1. e4 d5 2. exd5 Nf6 3. d4 Nxd5 4. c4 Nb6 5. Nf3 Bf5 6. Nc3 e6 7. Ne5 Bb4 8. g4
Be4 9. Rg1 O-O 10. Bf4 f6 11. Nd3 Bxc3+ 12. bxc3 Nc6 13. Nc5 Bg6 14. Nxb7 Qe7
15. Bg2 Nd8 16. Nc5 Rc8 17. Qe2 e5 18. Be3 Re8 19. Kd2 Ne6 20. Nxe6 Qxe6 21. d5
Red8 22. Ke1 Qe8 23. Rd1 Qa4 24. Bf1 Qa5 25. Qb2 Rb8 26. Bxb6 Rxb6 27. Qd2 Rbd6
28. Rg3 c6 29. Bg2 Qc5 30. Qe2 e4 31. Re3 cxd5 32. cxd5 Rxd5 33. Rxd5 Rxd5 34.
Qb2 h6 35. Qb3 Bf7 36. Qb8+ Qf8 37. Qxa7 Rd3 38. Bxe4 Rxe3+ 39. Qxe3 Bxa2 40.
Qd2 Be6 41. Bd5 Bxd5 42. Qxd5+ Kh7 43. Qe4+ Kg8 44. c4 Qb4+ 45. Kf1 Qd2 46.
Qd5+ Qxd5 47. cxd5 Kf7 48. Ke2 Ke7 49. Kd3 Kd6 50. Ke4 g6 51. f4 Kd7 52. h4 g5
53. hxg5 hxg5 54. fxg5 fxg5 55. Kf5 Kd6 56. Kxg5 Kxd5 57. Kf6 Kd6 58. Kf7 1-0

[Event "MP 2010-2011"]
[Site "?"]
[Date "2010.11.16"]
[Round "3.1"]
[White "Jamka, Bretislav"]
[Black "Dobes, Ludek"]
[Result "0-1"]
[WhiteElo "1922"]
[BlackElo "2054"]
[PlyCount "80"]
[EventDate "2010.??.??"]

1. d4 Nf6 2. Nf3 g6 3. c4 Bg7 4. g3 O-O 5. Bg2 d6 6. O-O c5 7. Nc3 Nc6 8. Bg5
h6 9. Bc1 Nd7 10. d5 Na5 11. Qd3 a6 12. Rb1 b5 13. cxb5 axb5 14. Nxb5 Nb6 15.
Nc3 Ba6 16. Qc2 Qc7 17. Re1 c4 18. e4 Nb7 19. Be3 Nc5 20. Qd2 Kh7 21. Nh4 Nbd7
22. f4 Nd3 23. Rf1 Qa5 24. e5 dxe5 25. f5 g5 26. d6 exd6 27. Bxa8 Rxa8 28. Nf3
d5 29. f6 Nxf6 30. h4 gxh4 31. Nxh4 Bc8 32. Rxf6 Bxf6 33. Rf1 Ra6 34. Bxh6 Qb6+
35. Kh2 Qxb2 36. Nxd5 Qxd2+ 37. Bxd2 Bxh4 38. Rxf7+ Kg6 39. Rc7 Be6 40. Nc3 Bd8
0-1

[Event "MP 2010-2011"]
[Site "?"]
[Date "2010.11.16"]
[Round "3.2"]
[White "Sedlar, Jaroslav"]
[Black "Chliapas, Nikos"]
[Result "1/2-1/2"]
[WhiteElo "1880"]
[BlackElo "1954"]
[PlyCount "26"]
[EventDate "2010.??.??"]

1. Nf3 Nf6 2. c4 e6 3. d4 d5 4. Nc3 c5 5. e3 Nc6 6. Be2 a6 7. dxc5 Bxc5 8. O-O
O-O 9. cxd5 exd5 10. b3 d4 11. exd4 Nxd4 12. Nxd4 Bxd4 13. Bb2 Bc5 1/2-1/2

[Event "MP 2010-2011"]
[Site "?"]
[Date "2010.11.16"]
[Round "3.3"]
[White "Jamka, Josef"]
[Black "Tokarsky, Radovan"]
[Result "0-1"]
[WhiteElo "1836"]
[BlackElo "1872"]
[PlyCount "82"]
[EventDate "2010.??.??"]

1. e4 e5 2. Nf3 Nc6 3. Bb5 a6 4. Ba4 Nf6 5. O-O b5 6. Bb3 Be7 7. Re1 d6 8. c3
Na5 9. Bc2 c5 10. d3 O-O 11. Nbd2 Nc6 12. Nf1 Re8 13. Bg5 Be6 14. Ne3 Ng4 15.
Bxe7 Nxe7 16. Ng5 Nxe3 17. Rxe3 Ng6 18. Nxe6 Rxe6 19. Bb3 Rf6 20. Bd5 Ra7 21.
g3 Ne7 22. d4 Nxd5 23. exd5 exd4 24. cxd4 c4 25. Qe2 Ra8 26. a4 Rb8 27. axb5
axb5 28. Ra7 g6 29. Ree7 Kg7 30. g4 h6 31. Qe6 Qf8 32. Qd7 g5 33. h3 Kg6 34.
Kg2 b4 35. Rc7 c3 36. bxc3 b3 37. Re6 b2 38. Rxf6+ Kxf6 39. Qf5+ Kg7 40. Qb1
Qd8 41. Rc4 Qa5 0-1

[Event "MP 2010-2011"]
[Site "?"]
[Date "2010.11.16"]
[Round "3.4"]
[White "Tretina, Zdenek"]
[Black "Salek, Josef"]
[Result "1-0"]
[WhiteElo "1783"]
[BlackElo "1807"]
[PlyCount "87"]
[EventDate "2010.??.??"]

1. d4 d5 2. c4 c6 3. Nc3 e6 4. cxd5 exd5 5. Nf3 Bb4 6. Bd2 Nf6 7. a3 Bxc3 8.
Bxc3 O-O 9. e3 Ne4 10. Qc2 Re8 11. Bd3 f5 12. O-O Qf6 13. Ne5 Nd7 14. Nxd7 Bxd7
15. Rae1 Qg5 16. b4 b5 17. Bb2 Re6 18. f3 Nd6 19. Bc1 Rae8 20. e4 f4 21. g3
dxe4 22. fxe4 Qf6 23. e5 Qh6 24. Bxf4 Qh3 25. Qf2 Nc8 26. Bg5 Qh5 27. Bd2 Ne7
28. Be4 a6 29. Qg2 g6 30. Be3 Qg4 31. Rf4 Qh5 32. Rh4 Qxh4 33. gxh4 Nd5 34. Bc1
Ne7 35. Rf1 Kg7 36. Qf2 Nf5 37. Bg5 Rf8 38. Bf6+ Rfxf6 39. exf6+ Rxf6 40. Bxf5
gxf5 41. h3 Be6 42. Kh2 Bd5 43. Qf4 Be4 44. Rg1+ 1-0

[Event "MP 2010-2011"]
[Site "?"]
[Date "2010.11.16"]
[Round "3.5"]
[White "Gavron, Ladislav"]
[Black "Sipl, Frantisek"]
[Result "1/2-1/2"]
[WhiteElo "1779"]
[BlackElo "1823"]
[PlyCount "30"]
[EventDate "2010.??.??"]

1. e4 c5 2. c3 d6 3. Nf3 Nf6 4. Be2 Nc6 5. d3 a6 6. O-O Bg4 7. Nbd2 e6 8. h3
Bxf3 9. Nxf3 Be7 10. Nh2 O-O 11. f4 Qb6 12. Kh1 c4 13. Qe1 cxd3 14. Bxd3 Rad8
15. Qe3 Qxe3 1/2-1/2

[Event "MP 2010-2011"]
[Site "?"]
[Date "2010.11.16"]
[Round "3.6"]
[White "Mutina, Antonin"]
[Black "Bartek, Jaromir"]
[Result "1/2-1/2"]
[WhiteElo "1922"]
[BlackElo "1724"]
[PlyCount "82"]
[EventDate "2010.??.??"]

1. d4 Nf6 2. Bg5 g6 3. c4 Bg7 4. Nc3 d6 5. e3 Nbd7 6. Nf3 c6 7. Be2 Qc7 8. O-O
e5 9. Rc1 O-O 10. b4 a6 11. Bh4 Re8 12. c5 e4 13. Nd2 d5 14. Re1 h6 15. f3 exf3
16. Bxf3 Nf8 17. a4 Be6 18. b5 N8h7 19. Qb3 Rab8 20. Bg3 Qd7 21. Bxb8 Rxb8 22.
bxa6 Ng5 23. Rb1 Nxf3+ 24. Nxf3 Ne4 25. a7 Ra8 26. Qxb7 Rxa7 27. Qxd7 Rxd7 28.
Ne2 Bg4 29. Rb6 Bxf3 30. gxf3 Nd2 31. Kg2 Rc7 32. Nc3 Nc4 33. Rb4 Re7 34. Kf2
Bf6 35. Re2 Bh4+ 36. Kg2 Nxe3+ 37. Kh3 Bg5 38. Rb6 Re6 39. a5 Rf6 40. Rf2 Rf4
41. Kg3 Nf5+ 1/2-1/2

[Event "MP 2010/2011"]
[Site "?"]
[Date "2010.11.16"]
[Round "3.7"]
[White "Mladejovsky, Miroslav"]
[Black "Pifka, Jaroslav"]
[Result "1/2-1/2"]
[WhiteElo "1712"]
[BlackElo "1608"]
[PlyCount "56"]
[EventDate "2010.11.18"]

1. d4 Nf6 2. c4 g6 3. Nc3 Bg7 4. e4 d6 5. Be2 O-O 6. Nf3 c6 7. h3 Nbd7 8. Be3
Qc7 9. O-O e5 10. d5 cxd5 11. cxd5 a6 12. Rc1 Qb8 13. a4 b6 14. Nd2 Nc5 15. b4
Ncd7 16. f4 exf4 17. Bxf4 Ne5 18. Bxe5 dxe5 19. Nf3 Qd6 20. Qb3 Bd7 21. Kh1 Bh6
22. Rc2 Nh5 23. Rd1 Ng3+ 24. Kg1 f5 25. Bd3 Be3+ 26. Kh2 Bf4 27. Kg1 a5 28. Nb5
Bxb5 1/2-1/2

[Event "MP 2010-2011"]
[Site "?"]
[Date "2010.11.16"]
[Round "3.8"]
[White "Chlevistan, Jaromir"]
[Black "Benes, Jaroslav"]
[Result "1/2-1/2"]
[WhiteElo "1640"]
[BlackElo "1644"]
[PlyCount "46"]
[EventDate "2010.??.??"]

1. d4 Nf6 2. c4 g6 3. Nf3 Bg7 4. Nc3 d5 5. e3 O-O 6. Bd3 c5 7. O-O cxd4 8. exd4
Nc6 9. a3 Bg4 10. h3 Bxf3 11. Qxf3 Nxd4 12. Qd1 dxc4 13. Bxc4 Rc8 14. Ba2 a6
15. Be3 e5 16. Rc1 b5 17. Re1 Ne8 18. Qg4 Nd6 19. Bg5 Bf6 20. Bxf6 Qxf6 21. Nd5
Qd8 22. Rxc8 Nxc8 23. Rxe5 Ne6 1/2-1/2

[Event "MP 2010-2011"]
[Site "?"]
[Date "2010.11.30"]
[Round "4.1"]
[White "Jamka, Bretislav"]
[Black "Zinglar, David"]
[Result "1/2-1/2"]
[WhiteElo "1922"]
[BlackElo "2014"]
[PlyCount "84"]
[EventDate "2010.10.20"]
[SourceDate "2010.12.01"]
[WhiteTeam "Slovan A"]
[BlackTeam "Dynamo DP A"]

1. Nf3 c5 2. g3 b6 3. Bg2 Bb7 4. O-O Nf6 5. b3 g6 6. Bb2 Bg7 7. c4 O-O 8. e3 d6
9. d4 Nbd7 10. d5 b5 11. Nbd2 Ba6 12. Re1 Rb8 13. cxb5 Bxb5 14. e4 Nb6 15. Rc1
a5 16. Bc3 a4 17. Ba5 Qd7 18. Nc4 Nxc4 19. bxc4 Ba6 20. e5 Ng4 21. Bh3 f5 22.
e6 Qa7 23. Bc3 Bxc3 24. Rxc3 Rb4 25. Bxg4 fxg4 26. Nh4 Bxc4 27. Nxg6 hxg6 28.
Qc2 Rf6 29. Rxc4 Qa5 30. Qd2 Qb6 31. Rxb4 cxb4 32. Qb2 Kg7 33. Re4 Qc5 34. Qd4
b3 35. Qd2 Rf5 36. Qb2+ Rf6 37. Rxa4 Qxd5 38. Qxb3 Qd2 39. Rf4 Rxf4 40. gxf4
Qxf4 41. a4 Qc1+ 42. Kg2 Qc6+ 1/2-1/2

[Event "MP 2010-2011"]
[Site "?"]
[Date "2010.11.30"]
[Round "4.2"]
[White "Rafaj, Oldrich"]
[Black "Cizek, ondrej"]
[Result "1/2-1/2"]
[WhiteElo "1926"]
[BlackElo "1845"]
[PlyCount "21"]
[EventDate "2010.10.20"]
[SourceDate "2010.12.01"]
[WhiteTeam "Dynamo DP A"]
[BlackTeam "Slovan A"]

1. e4 Nf6 2. Nc3 d6 3. Nf3 g6 4. d4 Bg7 5. Be3 O-O 6. Qd2 Bg4 7. Be2 Nbd7 8.
Bh6 e5 9. Bxg7 Kxg7 10. h3 Bxf3 11. Bxf3 1/2-1/2

[Event "MP 2010-2011"]
[Site "?"]
[Date "2010.11.30"]
[Round "4.3"]
[White "Chliapas, Nikos"]
[Black "Cyron, Karel"]
[Result "1/2-1/2"]
[WhiteElo "1954"]
[BlackElo "1982"]
[PlyCount "34"]
[EventDate "2010.10.20"]
[SourceDate "2010.12.01"]
[WhiteTeam "Slovan A"]
[BlackTeam "Dynamo DP A"]

1. d4 d5 2. Nf3 c6 3. c4 e6 4. e3 Bd6 5. Nc3 Nd7 6. Bd3 dxc4 7. Bxc4 b5 8. Bd3
Ngf6 9. O-O a6 10. e4 e5 11. Bg5 O-O 12. Rc1 Bb7 13. Bb1 Re8 14. Re1 Rc8 15. h3
Qe7 16. a3 a5 17. d5 Nb6 1/2-1/2

[Event "MP 2010-2011"]
[Site "?"]
[Date "2010.11.30"]
[Round "4.4"]
[White "Uherek, Jan"]
[Black "Gavron, Ladislav"]
[Result "0-1"]
[WhiteElo "1837"]
[BlackElo "1779"]
[PlyCount "90"]
[EventDate "2010.10.20"]
[SourceDate "2010.12.01"]
[WhiteTeam "Dynamo DP A"]
[BlackTeam "Slovan A"]

1. e4 d5 2. exd5 Nf6 3. Bb5+ Bd7 4. Bc4 c6 5. dxc6 Nxc6 6. Nf3 e5 7. d3 Be7 8.
h3 O-O 9. Nc3 a6 10. a3 Qc7 11. O-O h6 12. Be3 Rad8 13. Qe2 Kh8 14. Bb3 b5 15.
Rfd1 Qc8 16. Ne4 Nh7 17. Qf1 f5 18. Nc5 f4 19. Nxd7 Qxd7 20. Bd2 Ng5 21. Nxg5
hxg5 22. f3 Rf6 23. Bc3 Rh6 24. Re1 Bc5+ 25. Kh1 Be3 26. Rad1 g4 27. fxg4 Qxg4
28. Qe2 Qf5 29. Qf3 Rf8 30. Bd5 Ne7 31. Be4 Qf6 32. Bd2 Bb6 33. g4 Qh4 34. Kg2
Qf6 35. c4 g5 36. b4 Ng6 37. Bxg6 Qxg6 38. Rxe5 Bd4 39. Re4 Rd8 40. c5 Rh7 41.
Bc1 Rhd7 42. Qe2 Qf7 43. Bb2 f3+ 44. Qxf3 Qxf3+ 45. Kxf3 Bxb2 0-1

[Event "MP 2010-2011"]
[Site "?"]
[Date "2010.11.30"]
[Round "4.5"]
[White "Bartek, Jaromir"]
[Black "Lahola, Kvetoslav"]
[Result "1-0"]
[WhiteElo "1724"]
[BlackElo "1645"]
[PlyCount "91"]
[EventDate "2010.10.20"]
[SourceDate "2010.12.01"]
[WhiteTeam "Slovan A"]
[BlackTeam "Dynamo DP A"]

1. e4 e5 2. Nf3 Nc6 3. d4 exd4 4. c3 d6 5. Bc4 Ne5 6. Nxe5 dxe5 7. Qb3 Qe7 8.
O-O c6 9. Na3 Be6 10. Bxe6 Qxe6 11. Qxb7 Qc8 12. Qb3 Bxa3 13. Qxa3 c5 14. cxd4
cxd4 15. Qg3 Qe6 16. Qxg7 Qf6 17. Qg3 Ne7 18. Bd2 Rg8 19. Qb3 Qg6 20. g3 Qb6
21. Qa4+ Qc6 22. Qa5 f6 23. f4 Qb6 24. Qa4+ Qc6 25. Qxc6+ Nxc6 26. Rac1 Rc8 27.
fxe5 fxe5 28. Rf5 Ke7 29. Rc5 Kd6 30. Rc1 Rgf8 31. Rcf1 Rxf5 32. Rxf5 Ke6 33.
Kf2 Rb8 34. b3 Nb4 35. Bxb4 Rxb4 36. g4 Rb7 37. Ke2 Rc7 38. Kd2 Rc3 39. Rf2 Rc7
40. g5 Kd6 41. h4 Ke7 42. h5 Ke6 43. Rf6+ Ke7 44. Rh6 Kf8 45. Re6 Rc5 46. Rd6
1-0

[Event "MP 2010-2011"]
[Site "?"]
[Date "2010.11.30"]
[Round "4.6"]
[White "Janku, Viktor"]
[Black "Mladejovsky, Miroslav"]
[Result "0-1"]
[WhiteElo "1597"]
[BlackElo "1712"]
[PlyCount "54"]
[EventDate "2010.10.20"]
[SourceDate "2010.12.01"]
[WhiteTeam "Dynamo DP A"]
[BlackTeam "Slovan A"]

1. c4 e6 2. d4 d5 3. e3 c5 4. Nf3 Nc6 5. Nc3 Nf6 6. Qc2 a6 7. a3 dxc4 8. Bxc4
b5 9. Be2 cxd4 10. exd4 Nxd4 11. Nxd4 Qxd4 12. Be3 Qe5 13. O-O Bd6 14. g3 Bb7
15. Rad1 Be7 16. Bf4 Qc5 17. Qd3 O-O 18. Be3 Qc6 19. f3 Rad8 20. Qb1 Rxd1 21.
Rxd1 Ng4 22. Bf2 Bc5 23. Bxc5 Qxc5+ 24. Kg2 Qf2+ 25. Kh3 Bxf3 26. Bxf3 Qxf3 27.
Rf1 Nf2+ 0-1